000 00402nam a2200157Ia 4500
008 240729s9999 xx 000 0 und d
022 _a2333-794X
245 0 _aGlobal Pediatric Health
260 _aUnited States
260 _bSAGE Publishing
650 _a Pediatrics
650 _aMedicine
856 _uhttps://doaj.org/toc/ad6ee133dc5b4fdc842f00dfa929285f
942 _2ddc
942 _cDOAJEJ
999 _c67811
_d67811
945 _a1
_bMadushi Gamage
_c1
_dMadushi Gamage